000 00278nam a22001337a 4500
008 170209b xxu||||| |||| 00| 0 eng d
020 _a9780521877183
041 _aeng
080 _a61
100 _a4
101 _aSHM
245 _aTHE HEALTHY JEW
_cHAER .B
942 _2udc
_cBK
999 _c5021
_d5021